00420pab a2200133 454500008004000000100002700040245011600067260000900183300001500192362000800207650001400215700003300229773002400262180718b2011 xxu||||| |||| 00| 0 eng d aAguayo-Tellex, Ernesto aMigration from Mexico to the United States: Wage benefits to crossing the border and going to the U.S. interior c2011 ap.119-140. aFeb aMigration aRivera-Mendoza, Crhistian I. aPolitics and Policy